IFM Opac

Statistical analysis for business and economics (Record no. 16862)

MARC details
000 -LEADER
fixed length control field 00285nam a22001217a 4500
020 ## - INTERNATIONAL STANDARD BOOK NUMBER
International Standard Book Number 0070334307
082 ## - DEWEY DECIMAL CLASSIFICATION NUMBER
Classification number 519.502433 KAZ
245 ## - TITLE STATEMENT
Title Statistical analysis for business and economics
250 ## - EDITION STATEMENT
Edition statement 2rd
260 ## - PUBLICATION, DISTRIBUTION, ETC.
Place of publication, distribution, etc. New york
Name of publisher, distributor, etc. Mcgraw-hall
Date of publication, distribution, etc. 1973
300 ## - PHYSICAL DESCRIPTION
Extent xv,623p.
942 ## - ADDED ENTRY ELEMENTS (KOHA)
Koha item type Books
Holdings
Withdrawn status Lost status Source of classification or shelving scheme Damaged status Not for loan Home library Current library Shelving location Date acquired Full call number Barcode Date last seen Price effective from Koha item type
Withdrawn   Dewey Decimal Classification     IFM Main Campus Library IFM Main Campus Library   10/07/2016 519.502433 KAZ 0000009991 10/07/2016 10/07/2016 Books
Withdrawn   Dewey Decimal Classification     IFM Main Campus Library IFM Main Campus Library   10/07/2016 519.502433 KAZ 0000009989 10/07/2016 10/07/2016 Books